AN ESSENTIAL GUIDE TO HEARING & BALANCE DISORDERS (Record no. 31304)

MARC details
000 -LEADER
fixed length control field 00411nam a22001697a 4500
003 - CONTROL NUMBER IDENTIFIER
control field SGT
020 ## - INTERNATIONAL STANDARD BOOK NUMBER
International Standard Book Number 9780805858945
082 ## - DEWEY DECIMAL CLASSIFICATION NUMBER
Classification number 617.8
Item number E13A
100 ## - MAIN ENTRY--PERSONAL NAME
Personal name ACKLEY, R. STEVEN
245 ## - TITLE STATEMENT
Title AN ESSENTIAL GUIDE TO HEARING & BALANCE DISORDERS
250 ## - EDITION STATEMENT
Edition statement 1ST
260 ## - PUBLICATION, DISTRIBUTION, ETC. (IMPRINT)
Place of publication, distribution, etc LONDON
Name of publisher, distributor, etc ROUTLEDGE PUB
Year of Publication 2013
300 ## - PAGE DESCRIPTION
No. of Pages 487
650 ## - SUBJECT ADDED ENTRY--TOPICAL TERM
Topical term or geographic name as entry element AUDIOLOGY
653 ## - KEYWORDS--INDEX TERM
Keyword term HEARING & BALANCE DISORDERS
942 ## - ADDED ENTRY ELEMENTS (KOHA)
Source of classification or shelving scheme Dewey Decimal Classification
Koha item type Books
Holdings
Withdrawn status Lost status Source of classification or shelving scheme Damaged status Not for loan Collection code Home library Current library Shelving location Date acquired Vendor Name Cost, normal purchase price SGTU Bill Number Total Checkouts Full call number Accession No. (Barcode) Date last seen Bill Date Koha item type
    Dewey Decimal Classification   Not For Loan MEDICAL SGT Medical Library SGT Medical Library Reference Book 14/05/2025 ABC DELHI 8401.00 SGTU 21144   617.8 E13A FM15444 09/06/2025 14/05/2025 Books
    Dewey Decimal Classification   Not For Loan MEDICAL SGT Medical Library SGT Medical Library Reference Book 14/05/2025 ABC DELHI 8401.00 SGTU 21144   617.8 E13A FM15445 09/06/2025 14/05/2025 Books